| 000 | 00574nam a2200193Ia 4500 | ||
|---|---|---|---|
| 003 | GBCCL | ||
| 005 | 20241126110347.0 | ||
| 008 | 170320b xxu||||| |||| 00| 0 eng d | ||
| 020 | _a1581344708 ( trade pbk | ||
| 040 | _cgbc | ||
| 082 |
_a239 _bMOR |
||
| 100 |
_aMorgan, Robert J _d1952- _91251 |
||
| 245 |
_aEvidence and truth : _bfoundations for Christian truth / _cRobert J Morgan. |
||
| 260 |
_bCrossway books, _aWheaton, Ill., : _c2003 |
||
| 300 |
_a126p. : _b23cm. |
||
| 650 |
_aApologetics _985 |
||
| 650 |
_aEvidence and truth _91252 |
||
| 942 |
_e1ST PRINTING _2ddc _cBK _033 |
||
| 999 |
_c834 _d834 |
||